000 01133nam a2200313 i 4500
001 186012
003 SpMaBN
005 20260616174858.0
008 160902s1990 sp ac |||| |dspa d
020 _a84-376-0921-6
080 _a821.111 Wordsworth William 1.07
080 _a821.111 Coleridge, Samuel Taylor 1.07
080 _a821.111-14"18"
100 1 _aWordsworth, William,
_d1770-1850
_9117367
245 1 0 _aBaladas líricas /
_cW. Wordsworth y S.T. Coleridge ; traducción de Santiago Corugedo y José Luis Chamosa.
250 _aEd. bilingüe
_bde Santiago Corugedo y José Luis Chamosa.
260 _aMadrid :
_bCátedra,
_c[1990]
300 _a339 p. :
_bil., retr. ;
_c18 cm.
490 1 _aLetras universales ;
_v135
500 _aCronología.
504 _aBibliografía: p. 99-103.
546 _aTexto en inglés y español.
700 1 _aColeridge, Samuel Taylor.
_939581
700 1 _aFernández Corugedo, S. G.
_9160687
700 1 _aChamosa, José Luis.
_9142758
830 0 _aLetras universales ;
_v135
_9178013
852 _aES-MaACL
_jL-30614
_z. - Donat. Miguel A. Velasco
999 _c186012
_d186012